| 000 | 01100cam a22002055a 4500 | ||
|---|---|---|---|
| 001 | L149834 | ||
| 008 | 100504e2010 xxk 000 0 eng d | ||
| 035 | _a(Sirsi) u149834 | ||
| 041 | 0 | _aeng | |
| 100 | 1 | _aEade, Christine | |
| 245 | 0 | 0 |
_aMarkets _bIreland |
| 260 | _c2010 | ||
| 490 | 0 |
_aProperty Week _v76(12) 26 March 2010, 43-48(5) |
|
| 520 | _aEuros £17bn of property loans by Irish banks to Ireland's top 10 developers are to be deposited in the National Asset Management Agency. F& C Reit completes biggest Dublin investment transaction in a decade by purchasing Liffey Valley, a 475 000 sq ft shopping centre to the west of Dublin for Euros 350m. The new clause in the Land and Conveyancing Law Reform Act that bans upward-only rent reviews has been passed but not yet enacted and hot debate continues. Dublin's prime office rents have fallen from Euros 60/sq ft to Euros 35/ sq ft in the last 18 months. | ||
| 590 | _aKA | ||
| 651 | 4 |
_aIreland (Republic of) _y |
|
| 651 | 4 |
_aNorthern Ireland _y2007- |
|
| 690 | _aPROPERTY-COMMERCIAL PROPERTY-COMMERCIAL PROPERTY MARKET | ||
| 942 | _n0 | ||
| 999 |
_c82291 _d82291 |
||